[Event "ch-Paris Open"]
[Site "Paris FRA"]
[Date "2005.07.14"]
[Round "6"]
[White "Sadvakasov,D"]
[Black "Gozzoli,Y"]
[Result "1-0"]
[WhiteElo "2610"]
[BlackElo "2444"]

1.e4 c5 2.Nf3 e6 3.d4 cxd4 4.Nxd4 a6 5.Bd3 Bc5 6.Nb3 Ba7 7.Qe2 Nc6 8.Be3 d6
9.O-O e5 10.Nc3 Nge7 11.Bxa7 Rxa7 12.Rfd1 O-O 13.Nd5 Nxd5 14.exd5 Ne7 15.c4 b6
16.Qe3 Ng6 17.Na5 Bd7 18.b4 e4 19.Be2 f5 20.Nc6 Bxc6 21.dxc6 Qc7 22.c5 bxc5
23.bxc5 Qxc6 24.Rxd6 Qe8 25.c6 Re7 26.Rc1 f4 27.Qb3+ Kh8 28.c7  1-0

[Event "27th Open"]
[Site "Oberwart AUT"]
[Date "2005.07.16"]
[Round "8"]
[White "Bakre,T"]
[Black "Zawadzki,S"]
[Result "1-0"]
[WhiteElo "2467"]
[BlackElo "2396"]

1.e4 c5 2.Nf3 e6 3.d4 cxd4 4.Nxd4 a6 5.Bd3 Bc5 6.Nb3 Ba7 7.O-O Nc6 8.Qe2 Nge7
9.Be3 e5 10.Bxa7 Rxa7 11.c4 d6 12.Nc3 Be6 13.Rad1 O-O 14.Nd5 b6 15.Rd2 Qb8
16.Rfd1 Rd8 17.Qe3 Rb7 18.Be2 a5 19.Nc3 Rbd7 20.Nb5 Na7 21.Nc3 Nac6 22.g3 f5
23.exf5 Bxf5 24.Bf3 Kh8 25.Qe2 h6 26.Bg4 Bxg4 27.Qxg4 Ng8 28.Qf3 Nce7 29.Na1 Nf6
30.Nc2 Qc8 31.Ne3 Qc5 32.b3 b5 33.Nxb5 d5 34.Ng4 Ne4 35.Nxe5 Nxd2 36.Rxd2 dxc4
37.Rxd7 Rxd7 38.Qf8+ Kh7 39.Nxd7 Qxb5 40.Qxe7 cxb3 41.Qe4+ Kh8 42.Qe8+  1-0

[Event "ITT"]
[Site "Vicente Lopez ARG"]
[Date "2005.07.16"]
[Round "3"]
[White "Granara Barreto,S"]
[Black "Flores,Di"]
[Result "0-1"]
[WhiteElo "2223"]
[BlackElo "2513"]

1.e4 c5 2.Nf3 e6 3.d4 cxd4 4.Nxd4 a6 5.Bd3 Qc7 6.O-O Nf6 7.c4 Bc5 8.Nb3 Be7
9.Qe2 d6 10.f4 b6 11.Nc3 Bb7 12.Be3 O-O 13.g4 Re8 14.g5 Nfd7 15.Qf2 Nc6 16.a3 Bf8
17.Rac1 Nc5 18.Nxc5 bxc5 19.Qh4 Nd4 20.Bxd4 cxd4 21.Ne2 Qd8 22.Rf3 h6 23.Rcf1 f5
24.gxf6 Qxf6 25.Qh5 Qf7 26.Qg4 h5 27.Qh3 Be7 28.Rg3 h4 29.Rg2 Rf8 30.Nxd4 Bc8
31.e5 dxe5 32.fxe5 Qh5 33.Rxf8+ Bxf8 34.Nf3 Bb7 35.Be2 Bc5+ 36.Kh1 Qh6 37.Bd1 Rf8
38.Rc2 Qe3 39.Qxe6+ Kh8  0-1

[Event "IM"]
[Site "Condom FRA"]
[Date "2005.07.17"]
[Round "9"]
[White "Cioara,A"]
[Black "Beudaert,X"]
[Result "1-0"]
[WhiteElo "2403"]
[BlackElo "2358"]

1.e4 c5 2.Nf3 e6 3.d4 cxd4 4.Nxd4 a6 5.Bd3 Bc5 6.Nb3 Ba7 7.Qe2 Nc6 8.Be3 d6
9.O-O Nf6 10.c4 Bxe3 11.Qxe3 O-O 12.Nc3 Ne5 13.Be2 Qc7 14.Rac1 Nxc4 15.Bxc4 Qxc4
16.Rfd1 Qb4 17.Rd4 Qb6 18.Qd2 d5 19.exd5 e5 20.Rc4 Bf5 21.Rd1 h6 22.Nc5 Rad8
23.a4 Rc8 24.b4 a5 25.Nb5 axb4 26.Qxb4 Rfd8 27.d6 Ra8 28.h3 Nd7 29.Nb3 Be6
30.Rc7 Rf8 31.Rdc1 Nf6 32.a5 Qa6 33.Nc5 Qxa5 34.Qxa5 Rxa5 35.Nxe6 fxe6 36.Rxb7 Nd5
37.d7 Raa8 38.Na7 Nb4  1-0

[Event "Politiken Cup"]
[Site "Copenhagen DEN"]
[Date "2005.07.17"]
[Round "3"]
[White "Looijmans,K"]
[Black "Forsaa,E"]
[Result "0-1"]
[WhiteElo "2191"]
[BlackElo "2040"]

1.e4 c5 2.Nf3 e6 3.d4 cxd4 4.Nxd4 a6 5.Bd3 Ne7 6.O-O Nec6 7.Nb3 d6 8.c4 g6
9.Nc3 Bg7 10.Be3 b6 11.Be2 Qc7 12.Qd2 Nd7 13.Rfd1 Ke7 14.Rac1 Nc5 15.Bg5+ f6
16.Bf4 Rd8 17.Nxc5 bxc5 18.Be3 Kf7 19.f4 Qa5 20.f5 Rb8 21.b3 Ne7 22.fxe6+ Bxe6
23.Bf4 f5 24.Bg5 Rd7 25.Bxe7 Bd4+ 26.Kh1 Rxe7 27.Rf1 Kg7 28.exf5 Bxf5 29.Rxf5 gxf5
30.Qg5+ Kf8 31.Nd5 Rg7 32.Qxf5+ Kg8 33.Nf6+ Kh8 34.Rf1 Rf8 35.Qe6 Rgf7 36.Qxd6 Rxf6
37.Rxf6 Qe1+ 38.Rf1 Qxf1+ 39.Bxf1 Rxf1+  0-1

[Event "Open"]
[Site "Ghent BEL"]
[Date "2005.07.17"]
[Round "4"]
[White "Van Assendelft,F"]
[Black "Kuipers,E"]
[Result "0-1"]
[WhiteElo "2248"]
[BlackElo "2270"]

1.e4 c5 2.Nf3 e6 3.d4 cxd4 4.Nxd4 a6 5.Bd3 Nc6 6.Nb3 Nf6 7.f4 d6 8.Qf3 Qc7
9.Nc3 b5 10.Be3 Bb7 11.g4 g5 12.fxg5 Nd7 13.Qf2 Nde5 14.h3 Nb4 15.Rd1 Bg7
16.Bb6 Qe7 17.Na5 Rc8 18.Nxb7 Qxb7 19.a3 Nbxd3+ 20.cxd3 Nxd3+ 21.Rxd3 Bxc3+
22.bxc3 Qxe4+ 23.Kd2 Qxh1 24.Rxd6 e5 25.Qf5 O-O 26.g6 Qh2+ 27.Ke1 fxg6 28.Rxg6+ Kh8
29.Rf6 Qf4 30.Qxf4 exf4 31.Rxf8+ Rxf8 32.Bd4+ Kg8 33.Kf2 Kf7 34.Kf3 Ke6 35.g5 Kf5
36.h4 Re8  0-1

[Event "Politiken Cup"]
[Site "Copenhagen DEN"]
[Date "2005.07.21"]
[Round "7"]
[White "Vasquez,R"]
[Black "Trygstad,K"]
[Result "1/2-1/2"]
[WhiteElo "2558"]
[BlackElo "2304"]

1.e4 c5 2.Nf3 e6 3.d4 cxd4 4.Nxd4 a6 5.Bd3 Nf6 6.O-O Qc7 7.Qe2 d6 8.f4 g6
9.c4 Bg7 10.Nf3 Nbd7 11.Nc3 O-O 12.Kh1 b6 13.Bd2 Bb7 14.b4 Rae8 15.Rac1 Nh5
16.g4 Nhf6 17.h3 Qb8 18.Kg1 b5 19.cxb5 axb5 20.Bxb5 Nxe4 21.Nxe4 Bxe4 22.Qxe4 Qxb5
23.Qc6 Qxc6 24.Rxc6 Ra8 25.g5 Rxa2 26.Rxd6 Nb6 27.Rxb6 Rxd2 28.Nxd2 Bd4+
29.Kg2 Bxb6 30.Nc4 Bc7 31.Kf3 f6 32.gxf6 Rxf6 33.Ke4 Rf5 34.Rf3 Rb5 35.Rb3 Kf7
36.Nb2 e5 37.f5 Bd6 38.Nd3 Kf6 39.fxg6 hxg6 40.Rb1 Be7 41.Ra1 Rb6 42.Ra4 Kg5
43.Kxe5 Kh4 44.Ra7 Bd6+ 45.Kd5 Kxh3 46.Nc5 g5 47.Rh7+ Kg2 48.Nd7 Rxb4 49.Kxd6 g4
50.Ne5 g3 51.Kd5 Kg1 52.Nf3+ Kf2 53.Ne5 Rb5+ 54.Ke4 Rxe5+ 55.Kxe5 g2  1/2-1/2

[Event "Politiken Cup"]
[Site "Copenhagen DEN"]
[Date "2005.07.23"]
[Round "9"]
[White "Shomoev,A"]
[Black "Hansen,Cu"]
[Result "1/2-1/2"]
[WhiteElo "2514"]
[BlackElo "2613"]

1.e4 c5 2.Nf3 e6 3.d4 cxd4 4.Nxd4 a6 5.Bd3 Bc5 6.Nb3 Ba7 7.Qg4 Qf6 8.f4 h5
9.Qh3 d6 10.Nc3 Nc6 11.Bd2 Qe7 12.O-O-O Nf6 13.Qg3 Bd7 14.Rhe1 h4 15.Qf3 O-O-O
16.Be3 Bxe3+ 17.Qxe3 Be8 18.Nd2 g5  1/2-1/2

[Event "Open A"]
[Site "Pardubice CZE"]
[Date "2005.07.24"]
[Round "3"]
[White "Lubbe,N"]
[Black "Sachdev,T"]
[Result "0-1"]
[WhiteElo "2192"]
[BlackElo "2343"]

1.e4 c5 2.Nf3 e6 3.d4 cxd4 4.Nxd4 a6 5.Bd3 Qc7 6.O-O Nf6 7.Qe2 Bc5 8.Nb3 Ba7
9.e5 Nd5 10.Kh1 d6 11.exd6 Qxd6 12.Qg4 O-O 13.Bh6 Qe5 14.f4 Qf6 15.Bg5 Qxb2
16.Rf3 f5 17.Qh4 g6 18.N1d2 b5 19.Re1 Qg7 20.Rh3 h5 21.c4 Nf6 22.Bxf6 Qxf6
23.Qg3 Nc6 24.Be2 Kg7 25.Rxh5 Bb7 26.Rg5 Rh8 27.Nf3 Rh6 28.Rd1 Rd8 29.c5 Rxd1+
30.Bxd1 Qc3 31.Qf2 Qc4 32.Nfd2 Qd5 33.Bf3 Qd7 34.Qe3 Bb8 35.Qc3+ Kf7 36.Qe3 Rh4
37.g3 Rh8 38.Kg1 e5 39.fxe5 Bxe5 40.Qf2 Bf6 41.h4 Bxg5 42.hxg5 a5 43.Ne4 Ne5
44.Nd6+ Qxd6 45.Bxb7 Qd1+ 46.Qf1 Qg4 47.Bd5+ Kg7 48.Qe1 Re8 49.Kg2 f4 50.Qf2 Qxg3+
51.Qxg3 fxg3 52.Kxg3 Rc8 53.Nd4 Nd3 54.Bb7 Rxc5 55.Ne6+ Kf7 56.Nxc5 Nxc5
57.Bd5+ Ke7 58.Kf4 Ne6+ 59.Ke5 Nxg5 60.Bc6 b4 61.Kd4 Ne6+ 62.Kc4 g5 63.Bg2 Nf4
64.Bf3 Ne6 65.Bg2 g4 66.Kb5 Nf4 67.Bh1 Kd6 68.Kc4 g3 69.a3 bxa3 70.Kb3 a2
71.Kxa2 Kc5  0-1

[Event "Open A"]
[Site "Pardubice CZE"]
[Date "2005.07.25"]
[Round "4"]
[White "Okara,A"]
[Black "Stoma,P"]
[Result "1-0"]
[WhiteElo "2236"]
[BlackElo "2312"]

1.e4 c5 2.Nf3 e6 3.d4 cxd4 4.Nxd4 a6 5.Bd3 Qc7 6.O-O Nf6 7.Qe2 d6 8.f4 Nbd7
9.c4 b6 10.Nc3 Bb7 11.Bd2 g6 12.f5 gxf5 13.exf5 e5 14.Ne6 fxe6 15.fxe6 Rg8
16.g3 Be7 17.exd7+ Qxd7 18.Rxf6 Bxf6 19.Rf1 Ke7 20.Be4 Raf8 21.Bxb7 Qxb7
22.Nd5+ Ke6 23.Qe4  1-0

[Event "Open A"]
[Site "Pardubice CZE"]
[Date "2005.07.25"]
[Round "4"]
[White "Zolotukhin,V"]
[Black "Grabinsky,V"]
[Result "1/2-1/2"]
[WhiteElo "2242"]
[BlackElo "2316"]

1.e4 c5 2.Nf3 e6 3.d4 cxd4 4.Nxd4 a6 5.Bd3 Nf6 6.O-O d6 7.Kh1 Nbd7 8.f4 Be7
9.Nc3 Nc5 10.e5 Nfd7 11.exd6 Bxd6 12.f5 Ne5 13.fxe6 Bxe6 14.Nxe6 Nxe6 15.Bf5 O-O
16.Bxe6 fxe6 17.Bf4 Nc4 18.Qg4 Bxf4 19.Rxf4 Rxf4 20.Qxf4 Rc8 21.b3 Qd6 22.Qe4 Na3
23.Qxb7 Rxc3 24.Rf1 h6 25.Qa8+  1/2-1/2

[Event "Open Dutch Championship"]
[Site "Dieren NED"]
[Date "2005.07.26"]
[Round "1"]
[White "Van den Dikkenberg,E"]
[Black "Nijboer,F"]
[Result "0-1"]
[WhiteElo "2195"]
[BlackElo "2529"]

1.e4 c5 2.Nf3 e6 3.d4 cxd4 4.Nxd4 a6 5.Bd3 Bc5 6.Nb3 Ba7 7.O-O Nc6 8.Qe2 Nge7
9.Be3 O-O 10.Bxa7 Rxa7 11.Nc3 d6 12.Rad1 b5 13.a3 e5 14.Nd5 Nxd5 15.exd5 Ne7
16.c4 bxc4 17.Bxc4 Qb6 18.Kh1 Nf5 19.Rd3 Bd7 20.f4 e4 21.Rc3 Rc7 22.Qxe4 Re8
23.Qb1 Ne3 24.Rxe3 Rxe3 25.Nd2 Qd4 26.Nf3 Qxc4  0-1

[Event "Open A"]
[Site "Pardubice CZE"]
[Date "2005.07.28"]
[Round "7"]
[White "Protaziuk,G"]
[Black "Smirnov,I UKR"]
[Result "0-1"]
[WhiteElo "2362"]
[BlackElo "2451"]

1.e4 c5 2.Nf3 e6 3.d4 cxd4 4.Nxd4 a6 5.Bd3 Nf6 6.O-O Qc7 7.c4 Nc6 8.Nf3 Ng4
9.h3 h5 10.Nc3 Nd4 11.g3 Nxf3+ 12.Qxf3 Ne5 13.Qe2 b6 14.Be3 Bb7 15.Rac1 Bd6
16.f4 Nxd3 17.Qxd3 Qc6 18.h4 f5 19.Kh2 fxe4 20.Qd4 Bc5 21.Qxg7 O-O-O 22.Nd1 Rhg8
23.Qc3 Kb8 24.Qe5+ Ka8 25.Qxh5 Be7 26.Qe2 Rdf8 27.Nf2 e5 28.Nh3 exf4 29.Rxf4 Bd6
30.Rxf8+ Rxf8 31.Rf1 Rf3 32.Nf4 Bxf4 33.Bxf4 Rd3 34.Be3 Qxc4 35.Bxb6 Bc6
36.Be3 Kb7 37.Rf8 Qxa2 38.Qf2 Qe6 39.Qf4 d6 40.Rf7+ Kb8 41.Rf6 Qb3 42.Rf8+ Kc7
43.Qf6 Bd7 44.Qd8+ Kc6 45.Qa8+ Qb7 46.Qxb7+ Kxb7 47.Bf4 Bg4 48.Re8 d5 49.Kg1 Kc6
50.Kf2 Rf3+ 51.Ke1 Rb3 52.Rg8 Bf3 53.Rc8+ Kd7 54.Rb8 Rd3 55.Kf2 d4 56.Rb7+ Ke6
57.Rb6+ Kf7 58.Rb7+ Ke6 59.Rb6+ Kf5 60.Rxa6 Rb3 61.Ra5+ Kg4 62.Rg5+ Kh3 63.Bc1 Bg4
64.h5 e3+ 65.Ke1 Rd3 66.Rxg4 Kxg4 67.h6 Rb3 68.h7 Rb8 69.Ke2 Rh8 70.Kd3 Rxh7
71.Kxd4 e2 72.Bd2 Kf3 73.Be1 Rd7+ 74.Ke5 Rd1 75.Ba5 Ke3 76.g4 Rd2  0-1

[Event "Open A"]
[Site "Pardubice CZE"]
[Date "2005.07.28"]
[Round "7"]
[White "Prasad,D"]
[Black "Espig,L"]
[Result "1/2-1/2"]
[WhiteElo "2359"]
[BlackElo "2444"]

1.e4 c5 2.Nf3 e6 3.d4 cxd4 4.Nxd4 a6 5.Bd3 Nf6 6.O-O d6 7.c4 g6 8.Nc3 Bg7
9.Nf3 Nc6 10.h3 Nd7 11.Bg5 Qc7 12.Rc1 O-O 13.Qd2 Nde5 14.Nxe5 Nxe5 15.Be2 b6
16.b3 Re8 17.Rfd1 Bf8 18.Bh6 Bxh6 19.Qxh6 f6 20.Qd2 Nf7 21.h4 Kg7 22.Qf4 Bb7
23.Rd3 Rac8 24.Rcd1 Bc6 25.Rh3 Qe7 26.h5 Rb8 27.a4 Red8 28.h6+ Kg8 29.Re3 Bb7
30.Rf3 f5 31.Rg3 Qf6 32.exf5 exf5 33.Nd5 Bxd5 34.Rxd5 Kf8 35.Re3 Re8 36.a5 Rxe3
37.fxe3 bxa5 38.Rxa5 Rxb3 39.Rxa6 Qe5 40.Ra8+ Ke7 41.Ra7+ Kf6 42.c5 Rb1+
43.Kh2 Qxf4+ 44.exf4 dxc5 45.Ra6+ Ke7 46.Ra7+ Kf6 47.Ra6+ Ke7 48.Ra7+  1/2-1/2

[Event "Open A"]
[Site "Pardubice CZE"]
[Date "2005.07.30"]
[Round "9"]
[White "Borovikov,V"]
[Black "Henrichs,T"]
[Result "1/2-1/2"]
[WhiteElo "2595"]
[BlackElo "2413"]

1.e4 c5 2.Nf3 e6 3.d4 cxd4 4.Nxd4 a6 5.Bd3 Bc5 6.Nb3 Ba7 7.Qe2 Nc6 8.Be3 d6
9.f4 Nge7 10.Bxa7 Rxa7 11.c4 a5 12.Nc3 a4 13.Nd2 O-O 14.Nb5 Ra5 15.Nf3 Na7
16.Nxa7 Rxa7 17.O-O e5 18.f5 f6 19.Kh1 b6 20.Rad1 Bb7 21.h4 Bc6 22.Kh2 Qb8
23.g4 g6 24.Qe3 Kh8 25.Ng1 gxf5 26.gxf5 Rb7 27.Ne2 b5 28.Rg1 bxc4 29.Bxc4 d5
30.exd5 Nxf5 31.Qf2 Bd7 32.b3 axb3 33.Bxb3 Rb4 34.Rg2 Nxh4 35.Rg3 Nf5 36.Rg2 Nh6
37.Kh1 Bf5 38.d6 Be4 39.d7 Ng4 40.Qc5 Rd8 41.Ng3 Bxg2+ 42.Kxg2 Rf4 43.Qe7 Qb6
44.Rd2 Ne3+ 45.Kh3 Qb8 46.Rd3 Nf5 47.Nxf5 Rxf5 48.Rg3 Rh5+ 49.Kg2 Qa8+ 50.Kf2 Rh2+
51.Ke3 Qa7+ 52.Ke4 f5+ 53.Kxf5 Qf2+ 54.Ke4 Rh4+ 55.Kd5 Qd4+ 56.Kc6 Rh6+ 57.Be6 Qc4+
58.Kb7 Qb5+  1/2-1/2

[Event "4th Open"]
[Site "Davos SUI"]
[Date "2005.08.02"]
[Round "4"]
[White "Giacomini,P"]
[Black "Bildat,J"]
[Result "0-1"]
[WhiteElo "2057"]
[BlackElo "2163"]

1.e4 c5 2.Nf3 e6 3.d4 cxd4 4.Nxd4 a6 5.Bd3 Bc5 6.Nb3 Be7 7.Qe2 d6 8.Nc3 b5
9.a3 Bb7 10.O-O Nf6 11.Bf4 Nbd7 12.Rad1 Qb6 13.Kh1 O-O 14.Qf3 Rfd8 15.Qh3 Ne5
16.Be3 Qc7 17.f4 Nxd3 18.cxd3 Rac8 19.Nd4 Qd7 20.Qg3 Bf8 21.Nf3 Kh8 22.Qh3 Kg8
23.Ng5 e5 24.f5 d5 25.Bb6 Re8 26.Qh4 d4 27.Ne2 Rc2 28.Ng3 h6 29.Nf3 Rxb2
30.Rc1 Bd6 31.Ba5 Rb3 32.Bd2 Bf8 33.Nh5 Nxh5 34.Qxh5 Rxd3 35.Rc2 Bxe4 36.Bxh6 Bxf3
37.gxf3 f6 38.Rg2 Re7 39.Rg3 Rxa3 40.Bc1 Rc3 41.Rh3 Re8 42.Qh7+ Kf7 43.Bh6 Qc6
44.Qg6+ Ke7 45.Bxg7 Bxg7 46.Qxg7+ Kd8 47.Qa7 Kc8  0-1

[Event "Open Dutch Championship"]
[Site "Dieren NED"]
[Date "2005.08.02"]
[Round "7"]
[White "Van Leent,D"]
[Black "Friesen,B"]
[Result "1-0"]
[WhiteElo "2261"]
[BlackElo "2139"]

1.e4 c5 2.Nf3 e6 3.d4 cxd4 4.Nxd4 a6 5.Bd3 Nf6 6.O-O Qc7 7.Nc3 Nc6 8.Nxc6 dxc6
9.f4 Bc5+ 10.Kh1 e5 11.Qe1 Ng4 12.Qg3 h5 13.f5 Bd7 14.Na4 Ba7 15.b4 Qd6 16.Ba3 Qd4
17.Nc5 Bxc5 18.bxc5 Qc3 19.Be2 Qxg3 20.hxg3 Ne3 21.Rfc1 O-O-O 22.Rab1 Be8
23.Rb3 Ng4 24.Rcb1 b5 25.cxb6 Kb7 26.Bc5 Rd2 27.Bxa6+ Kb8 28.b7 Bd7 29.Bd3  1-0

[Event "Inline Czechia Cup IMA"]
[Site "Olomouc CZE"]
[Date "2005.08.04"]
[Round "2"]
[White "Malinovsky,K"]
[Black "Beil,M"]
[Result "1-0"]
[WhiteElo "2309"]
[BlackElo "2212"]

1.e4 c5 2.Nf3 e6 3.d4 cxd4 4.Nxd4 a6 5.Bd3 Nf6 6.O-O Qc7 7.Qe2 d6 8.c4 Be7
9.Nc3 O-O 10.b3 Nbd7 11.Bb2 Re8 12.Rad1 b6 13.Rfe1 Bb7 14.Bb1 Rac8 15.Kh1 Bf8
16.f3 Qb8 17.Qf2 g6 18.Re2 Red8 19.f4 Bg7 20.Qh4 Nh5 21.f5 Bf6 22.Qf2 e5
23.Nc2 Nf4 24.Red2 gxf5 25.Ne3 Nc5 26.Nxf5 Qa8 27.Nxd6 Rc7 28.Nxb7 Rxd2 29.Rxd2 Qxb7
30.Nd5 Nxd5 31.exd5 Bh8 32.Qg3+ Kf8 33.Bxh7  1-0

[Event "ch-POR"]
[Site "Vila Real POR"]
[Date "2005.08.05"]
[Round "3"]
[White "Damaso,R"]
[Black "Rocha,S"]
[Result "1/2-1/2"]
[WhiteElo "2432"]
[BlackElo "2409"]

1.e4 c5 2.Nf3 e6 3.d4 cxd4 4.Nxd4 a6 5.Bd3 Qc7 6.Qe2 d6 7.O-O Nf6 8.c4 Nbd7
9.b3 g6 10.Bb2 Bg7 11.Nc3 O-O 12.Rfd1 b6 13.h3  1/2-1/2

[Event "Inline Czechia Cup IMA"]
[Site "Olomouc CZE"]
[Date "2005.08.07"]
[Round "6"]
[White "Malinovsky,K"]
[Black "Pisk,P"]
[Result "1/2-1/2"]
[WhiteElo "2309"]
[BlackElo "2319"]

1.e4 c5 2.Nf3 e6 3.d4 cxd4 4.Nxd4 a6 5.Bd3 Nf6 6.O-O d6 7.c4 g6 8.Nc3 Bg7
9.Be3 O-O 10.Rc1 Nbd7 11.f3 Qc7 12.b3 b6 13.Qd2 Bb7 14.Rfd1 Rac8 15.Bf1 Rfd8
16.Kh1 Qb8 17.Qf2 Ba8 18.Rc2 Re8 19.Qd2  1/2-1/2

[Event "HZ Open"]
[Site "Vlissingen NED"]
[Date "2005.08.09"]
[Round "4"]
[White "Vedder,R"]
[Black "Wegerle,J"]
[Result "1/2-1/2"]
[WhiteElo "2216"]
[BlackElo "2421"]

1.e4 c5 2.Nf3 e6 3.d4 cxd4 4.Nxd4 a6 5.Bd3 Qc7 6.O-O Nf6 7.Nc3 Nc6 8.Nxc6 bxc6
9.f4 d5 10.e5 Nd7 11.Kh1 Be7 12.b3 g6 13.Bb2 Bb7 14.Qe2 Nc5 15.Nd1 h5 16.Nf2 a5
17.Rfc1 a4 18.Bd4 Nxd3 19.Nxd3 c5 20.Nxc5 Bxc5 21.Qb5+ Qc6 22.Qxc5 Qxc5 23.Bxc5 Kd7
24.Kg1 Rhc8 25.b4 Ba6 26.a3 Bc4 27.Kf2 Rg8 28.h4 Rae8 29.Ke3 Kc6 30.Rh1 Rh8
31.Rh3  1/2-1/2

[Event "Stork YM"]
[Site "Hengelo NED"]
[Date "2005.08.11"]
[Round "6"]
[White "Bitalzadeh,A"]
[Black "Sharevich,A"]
[Result "1/2-1/2"]
[WhiteElo "2317"]
[BlackElo "2325"]

1.e4 c5 2.Nf3 e6 3.d4 cxd4 4.Nxd4 a6 5.Bd3 Qb6 6.Nb3 Qc7 7.O-O Nf6 8.f4 d6
9.Nc3 b6 10.a4 Nbd7 11.Bd2 Bb7 12.Qe2 Be7 13.g4 Nc5 14.g5 Nfd7 15.Nd4 g6
16.b4 Nxd3 17.cxd3 e5 18.Nf3 exf4 19.Nd5 Bxd5 20.exd5 Ne5 21.Nxe5 dxe5 22.d4 O-O
23.dxe5 Bxg5 24.Bxf4 Bxf4 25.Rxf4 Rae8 26.Re4 Qd8 27.Rd1 Qg5+ 28.Kh1 Rc8
29.d6 Rc1 30.Rd4 Rxd1+ 31.Rxd1 Qf5 32.Qe3 Rd8 33.Qd4 h5 34.Re1 b5 35.axb5 axb5
36.Qd5 h4 37.Qe4 Qh3 38.Qf4 Rd7 39.Re3 Qe6 40.Qxh4 Rxd6 41.exd6 Qxe3 42.Qe7 Qf3+
43.Kg1 Qg4+ 44.Kf2 Qf4+ 45.Ke2 Qc4+ 46.Ke3 Qc3+ 47.Ke2 Qc2+ 48.Ke3 Qc3+ 49.Ke2 Qc2+  1/2-1/2

[Event "HZ Open"]
[Site "Vlissingen NED"]
[Date "2005.08.11"]
[Round "6"]
[White "Henrichs,T"]
[Black "Iordachescu,V"]
[Result "1/2-1/2"]
[WhiteElo "2413"]
[BlackElo "2606"]

1.e4 c5 2.Nf3 e6 3.d4 cxd4 4.Nxd4 a6 5.Bd3 Bc5 6.Nb3 Ba7 7.Qe2 Nc6 8.Be3 Bxe3
9.Qxe3 Nf6 10.Nc3 O-O 11.O-O-O d5 12.exd5 exd5 13.f3 d4 14.Nxd4 Nxd4 15.Be4 Nxc2
16.Bxc2 Qc7 17.Qd4 Be6 18.Qd6 Qa5 19.Kb1 Rac8 20.a3 Rc6 21.Qb4 Qc7 22.Rd2 Rc8
23.Rhd1 g6 24.Rd6 Rxd6  1/2-1/2

[Event "ch-SCG jr"]
[Site "Vrnjacka Banja SCG"]
[Date "2005.08.11"]
[Round "1"]
[White "Pavlik,G"]
[Black "Lapcevic,M"]
[Result "1-0"]
[WhiteElo "2190"]
[BlackElo "2269"]

1.e4 c5 2.Nf3 e6 3.d4 cxd4 4.Nxd4 a6 5.Bd3 Bc5 6.Nb3 Ba7 7.Qe2 Nc6 8.Be3 Bxe3
9.Qxe3 Nf6 10.Nc3 d6 11.O-O-O O-O 12.f4 Qc7 13.Rhg1 b5 14.g4 b4 15.g5 Nd7
16.Na4 Bb7 17.Qh3 Na5 18.f5 Bc6 19.g6 fxg6 20.fxg6 h6 21.Qxe6+ Kh8 22.Rg5 Rf6
23.Qh3 Ne5 24.Nxa5 Qxa5 25.Rh5 Rxg6 26.b3 Bxa4 27.bxa4 Qxa4 28.Kb1 Qc6 29.Rf1 a5
30.Qe3 Qc3 31.Rhf5 Kh7 32.Re1 Qa3 33.Qc1 Qa4 34.Qb2 Rg2 35.Rxe5 dxe5 36.Qxe5 Qd7
37.Qf4 Rg4 38.e5+ Kg8 39.Qf3  1-0

[Event "HZ Open"]
[Site "Vlissingen NED"]
[Date "2005.08.12"]
[Round "7"]
[White "Rahal,M"]
[Black "Tiggelman,R"]
[Result "1-0"]
[WhiteElo "2415"]
[BlackElo "2177"]

1.e4 c5 2.Nf3 e6 3.d4 cxd4 4.Nxd4 a6 5.Bd3 Nc6 6.Nxc6 dxc6 7.O-O Be7 8.e5 Qc7
9.Re1 Bd7 10.Qg4 Kf8 11.Nc3 c5 12.a4 h5 13.Qe2 h4 14.h3 Rc8 15.b3 Nh6 16.Bf4 Bc6
17.Rad1 g6 18.Ne4 Nf5 19.Ng5 Rh5 20.Bxf5 Bxg5 21.Bxg5 Rxg5 22.Bg4 c4 23.Qe3 Qe7
24.f4 Rxg4 25.hxg4 Bd5 26.Rc1 Qb4 27.c3 Qxb3 28.f5 gxf5 29.gxf5 Ke7 30.Qg5+ Kd7
31.fxe6+ fxe6 32.Qg7+ Kc6 33.Rb1 Rc7 34.Qf8 b5 35.axb5+ Kxb5 36.Rxb3+ cxb3
37.Qb4+  1-0

[Event "ch-AUT"]
[Site "Gmunden AUT"]
[Date "2005.08.13"]
[Round "3"]
[White "Kindermann,S"]
[Black "Pilaj,H"]
[Result "1-0"]
[WhiteElo "2546"]
[BlackElo "2425"]

1.e4 c5 2.Nf3 e6 3.d4 cxd4 4.Nxd4 a6 5.Bd3 Bc5 6.Nb3 Ba7 7.Qe2 Nc6 8.Be3 d6
9.Nc3 Nge7 10.Bxa7 Rxa7 11.O-O e5 12.Qe3 Be6 13.Rad1 O-O 14.Be2 Qb8 15.f4 exf4
16.Qxf4 Bxb3 17.axb3 Ne5 18.Rd2 Ra8 19.Nd1 Qc7 20.Ne3 Qc5 21.Kh1 N7g6 22.Qf2 Rad8
23.Nf5 Rd7 24.Qg3 Nc6 25.h4 Qe5 26.Qg4 Qxb2 27.h5 Qc3 28.Rd3 Qxc2 29.hxg6 hxg6
30.Ne3 Qa2 31.Qxd7 Qxe2 32.Rc3 Ne5 33.Qxd6 f6 34.Qd1  1-0

[Event "Masters"]
[Site "Abu Dhabi UAE"]
[Date "2005.08.15"]
[Round "2"]
[White "Amer,Moh"]
[Black "Sachdev,T"]
[Result "0-1"]
[WhiteElo "2223"]
[BlackElo "2343"]

1.e4 c5 2.Nf3 e6 3.d4 cxd4 4.Nxd4 a6 5.Bd3 Qc7 6.O-O Nf6 7.c4 Nc6 8.Be3 Ne5
9.Nc3 Neg4 10.g3 Nxe3 11.fxe3 h5 12.Qf3 Bc5 13.Na4 d6 14.Nxc5 dxc5 15.Nb3 e5
16.Qg2 h4 17.g4 Nxg4 18.h3 Nf6 19.Kh2 Nh5 20.Qg5 f6 21.Qg6+ Kf8 22.Rf3 Rh6
23.Qg2 Be6 24.Rg1 Rd8 25.Qc2 Ng3 26.Bf1 b6 27.Bg2 Qd7 28.Nc1 Qd2 29.Qb3 b5
30.Qa3 Qd6 31.cxb5 axb5 32.Rf2 Qb6 33.Qc3 Ke7 34.a3 b4 35.axb4 cxb4 36.Qe1 Rhh8
37.Ne2 Qxe3  0-1

[Event "15th ch-SLO"]
[Site "Ptuj SLO"]
[Date "2005.08.15"]
[Round "5"]
[White "Zorko,Ju"]
[Black "Lenic,L"]
[Result "0-1"]
[WhiteElo "2335"]
[BlackElo "2463"]

1.e4 c5 2.Nf3 e6 3.d4 cxd4 4.Nxd4 a6 5.Bd3 Bc5 6.Nb3 Ba7 7.Qe2 Nc6 8.Be3 Nge7
9.O-O e5 10.c4 d6 11.Bxa7 Rxa7 12.Nc3 O-O 13.Rfd1 Be6 14.Qe3 b6 15.Rd2 a5
16.Nb5 Rd7 17.Rad1 Qb8 18.Bf1 Rfd8 19.Na1 Na7 20.Nc3 Nac6 21.Nb5 Na7 22.Nc3 Nac6
23.Nb5 Nb4 24.Nc2 Nxc2 25.Rxc2 Nc6 26.Rcd2 Na7 27.Nc3 Qc7 28.Na4 Rb8 29.Qa3 Nc8
30.b3 h6 31.g3 Bg4 32.Rc1 Rd8 33.h3 Bd7 34.Nc3 Qc5 35.Qb2 Be6 36.Nd5 Kf8
37.a3 Ne7 38.b4 Qc8 39.Kh2 Nc6 40.Ne3 Nd4 41.Bg2 Qa6 42.f4 f6 43.h4 axb4
44.axb4 Ra8 45.Rxd4 exd4 46.Qxd4 Qa3 47.Rb1 Qa2 48.Re1 Qb3 49.Nd5 Bxd5 50.cxd5 Ra3
51.Qf2 Qxb4 52.Rc1 Rb3 53.Rc2 Re8 54.Qe2 Rc3 55.Rb2 Qd4 56.Ra2 Qc4 57.Qf2 Qc5
58.Qe2 b5 59.Qg4 Rc2 60.Ra6 Qf2 61.Qh3 b4 62.e5 b3 63.exf6 b2 64.fxg7+ Kg8
65.Rb6 Qxb6 66.Qd7 Qd8  0-1

[Event "Ada Open"]
[Site "Belgrade SCG"]
[Date "2005.08.16"]
[Round "2"]
[White "Marinkov,S"]
[Black "Jovicic,R"]
[Result "1/2-1/2"]
[WhiteElo "2014"]
[BlackElo "2291"]

1.e4 c5 2.Nf3 e6 3.d4 cxd4 4.Nxd4 a6 5.Bd3 Nc6 6.Be3 Nf6 7.Nc3 Bb4 8.O-O O-O
9.Nde2 Ng4 10.Bf4 Bc5 11.Bg3 b5 12.h3 Nge5 13.Kh1 f6 14.f4 Nf7 15.Bf2 d6
16.Bxc5 dxc5 17.Ng1 c4 18.Be2 Qe7 19.Nf3 Rd8 20.Qe1 Bb7 21.Rd1 Qc5 22.Qf2 Qxf2
23.Rxf2 Nb4 24.Ne1 Rxd1 25.Bxd1 Rd8 26.Bf3 e5 27.g3 Nc6 28.Nd5 Nd4 29.Rd2 f5
30.fxe5 Nxf3 31.Nxf3 fxe4 32.e6 exf3 33.Nf6+ gxf6 34.Rxd8+ Nxd8 35.e7 f2+
36.Kh2 f1=Q 37.exd8=Q+ Kg7 38.Qd7+ Kh6 39.Qxb7 Qc1 40.Qe4 Qxb2 41.Qh4+ Kg7
42.Qg4+ Kh8 43.Qc8+ Kg7 44.Qg4+ Kf8 45.Qc8+ Ke7 46.Qb7+ Kd6 47.Qb6+ Kd5 48.Qd8+ Ke4
49.Qe7+ Kf3 50.Qxh7 Qe5 51.Qb7+ Ke2 52.h4 Kd1 53.Qg2 c3 54.Qf2 Kc1 55.Kh3 Qe6+
56.g4 Qxa2 57.h5 Qxc2 58.Qxc2+ Kxc2 59.h6 Kb3 60.h7 c2 61.h8=Q c1=Q 62.Qxf6 a5
63.g5 a4 64.g6 a3 65.Qf7+ Qc4 66.Qf3+ Kb2 67.Qf2+ Kc3 68.Qf3+ Qd3 69.Qxd3+ Kxd3
70.g7 a2 71.g8=Q a1=Q 72.Qb3+  1/2-1/2

[Event "14th Open"]
[Site "Kavala GRE"]
[Date "2005.08.19"]
[Round "9"]
[White "Melnikova,Y"]
[Black "Sandalakis,A"]
[Result "1/2-1/2"]
[WhiteElo "2331"]
[BlackElo "2196"]

1.e4 c5 2.Nf3 e6 3.d4 cxd4 4.Nxd4 a6 5.Bd3 Qc7 6.O-O Nf6 7.Qe2 d6 8.c4 Be7
9.Nc3 Nbd7 10.f4 O-O 11.Bd2 Nc5 12.Bc2 Qb6 13.Kh1 e5 14.Nb3 Bg4 15.Qf2 Be6
16.Nd5 Bxd5 17.exd5 Nfd7 18.Be3 Bf6 19.fxe5 Bxe5 20.Qh4 g6 21.Rf3 Qd8 22.Bg5 f6
23.Rh3 Qe7 24.Be3 Nxb3 25.axb3 Qf7 26.Rf1 Rfe8 27.Rff3 Nf8 28.Kg1 b5 29.Bd4 Bxd4+
30.Qxd4 Re5 31.Rh4 Rae8 32.Rhf4 Nd7 33.h4 Qe7 34.Qa7 Re1+ 35.Rf1 f5 36.h5 Re2
37.R4f2 Rxf2 38.Qxf2 Ne5 39.hxg6 hxg6 40.Qg3 Ng4 41.Bd1 Qa7+ 42.Kh1 Qh7+
43.Kg1 Qa7+ 44.Kh1 Qh7+ 45.Kg1 Qa7+  1/2-1/2

[Event "Ada Open"]
[Site "Belgrade SCG"]
[Date "2005.08.23"]
[Round "9"]
[White "Stojanovic,Sa1"]
[Black "Jovicic,R"]
[Result "0-1"]
[WhiteElo "2098"]
[BlackElo "2291"]

1.e4 c5 2.Nf3 e6 3.d4 cxd4 4.Nxd4 a6 5.Bd3 Nc6 6.Nxc6 dxc6 7.O-O e5 8.Nd2 Bd6
9.Nc4 Nf6 10.a4 Be6 11.Qe2 Bc7 12.Rd1 O-O 13.Bg5 h6 14.Bh4 Qe7 15.Kh1 Rad8
16.b3 Rd7 17.h3 Rfd8 18.Ne3 Bb6 19.Qf3 Rd6 20.Rab1 Bd4 21.Rg1 g5 22.Bg3 b5
23.axb5 axb5 24.Bh2 Kg7 25.g4 Nd7 26.b4 f6 27.Rg2 Nb6 28.Nf5+ Bxf5 29.gxf5 Bc3
30.Qe3 Rd4 31.f4 exf4 32.Bxf4 Nc4 33.Qg3 Ne5 34.Bxe5 Qxe5 35.Qxe5 fxe5 36.h4 Rh8
37.Kh2 Rxb4 38.Rxb4 Bxb4 39.Kh3 Kf6 40.Rg1 Bc3 41.Rb1 b4 42.Rg1 Rd8 43.hxg5+ hxg5
44.Rg3 Rd4 45.Kg4 c5 46.Re3 c4 47.Bf1 Bd2 48.Re2 b3 49.cxb3 cxb3  0-1